00652nam a22002297a 450000500170000001000130001702000220003003500130005203700160006504000120008108200150009310000190010824500920012726000420021927000390026130000270030050000220032765000200034965000100036970000250037970000180040420170124110020.0 aB-044042 c35.00a8123728646 aB-044042 bCen Lib/Ret aDPLbEN a615.3bTHA aThatte, Urmila aA drug is born /cby Urmila Thatte [and] Sharadini Dahanukar;illustrated by Ruch Shende aNew Delhi bNational book trustc2000 aA-5,Green ParkbNew Delhi e110016 a94p. :c201m(Hb)bill. aIncludes glossary aMedical science aDrugs aDahanukar, Sharadini aShende, Rucha